Most Streamed Post Malone Songs - Statistics

General Stats
  • This quiz has been taken 147 times
    14 since last reset
  • The average score is 14 of 20
Answer Stats
# Streams Answer % Correct
5 2,244,198,026 Better Now
100%
3 3,130,864,504 Circles
100%
2 3,364,079,462 rockstar
100%
1 4,201,727,616 Sunflower
100%
6 1,912,307,722 Wow.
100%
4 2,309,216,236 Congratulations
88%
17 817,007,076 Take What You Want
88%
14 1,156,574,098 Fortnight
75%
9 1,455,254,506 I Had Some Help
75%
8 1,680,033,813 Psycho
75%
11 1,366,772,275 White Iverson
75%
13 1,157,173,771 Candy Paint
50%
19 705,410,402 Chemical
50%
12 1,164,151,052 Go Flex
50%
10 1,453,522,553 Goodbyes
50%
20 675,471,081 Hollywood's Bleeding
50%
15 1,023,941,329 I Like You (A Happier Song)
38%
18 757,659,999 One Right Now
38%
7 1,811,236,534 I Fall Apart
25%
16 962,222,995 Jackie Chan
25%
No matching quizzes found
Score Distribution
Percent of People with Each Score
Percentile by Number Answered
Your Score History
You have not taken this quiz since the last reset